000 00658nam a2200181 4500
008 010615s1994 enk 0 engLO
020 _a0281047693
090 _aBF698.8
_b.M94
_bG57k
100 1 _aGoldsmith, Malcolm
245 1 0 _aKnowing me, knowing God :
_bexploring spirituality with Myers-Briggs /
_cMalcolm Goldsmith
260 _aLondon :
_bSPCK,
_cc1994.
504 _aIncludes bibliographical references.
650 4 _aMyers-Briggs Type Indicator
650 4 _aPersonality
_xReligious aspects
_xChristianity
650 4 _aSpiritual life
_xChristianity
951 _p23655
_x00015029
_oBF698.8/.M94/G57k
_j070613110925671
_d2000-12-21
_cGC
999 _c1779
_d1779